000 00600nam a2200193Ia 4500
005 20250508164130.0
008 008 250505s9999 xx 000 0 eng d
020 _a0-13-026409-1
037 _aReference
040 _aFEDL
_beng
_cFEDL
041 _aeng
_2eng
084 _a370.1, DUN/RR
_qFEDL
100 _aDunn Sheila G
_9777420
245 0 _aPhilosophical foundations of education: Connecting philosophy to theory and practice
260 _aNew Jersey, USA
_bPearson Prentice Hall
_c2005
300 _axviii,275p
942 _cREF
_h370.1, DUN/RR
999 _c1387233
_d1387233